000 00359nam a2200145Ia 4500
008 230711s9999||||xx |||||||||||||| ||und||
041 _aENG
082 _a620.11
_bSH-E
100 _aSharma,Mathur
245 0 _aEngineering material
250 _a1st Ed.
260 _c1969
_aNew Delhi
_bS.Chand & Company Ltd
650 _aMechanical Engineering
942 _cBK
999 _c1189
_d1189